<?xml version="1.0" encoding="UTF-8"?>
<record
    xmlns:xsi="http://www.w3.org/2001/XMLSchema-instance"
    xsi:schemaLocation="http://www.loc.gov/MARC21/slim http://www.loc.gov/standards/marcxml/schema/MARC21slim.xsd"
    xmlns="http://www.loc.gov/MARC21/slim">

  <leader>00928nam a22002177a 4500</leader>
  <datafield tag="952" ind1=" " ind2=" ">
    <subfield code="0">0</subfield>
    <subfield code="1">0</subfield>
    <subfield code="2">lcc</subfield>
    <subfield code="4">0</subfield>
    <subfield code="7">0</subfield>
    <subfield code="a">20</subfield>
    <subfield code="b">20</subfield>
    <subfield code="d">2017-07-05</subfield>
    <subfield code="l">0</subfield>
    <subfield code="o">KG495 B85</subfield>
    <subfield code="p">20 003774</subfield>
    <subfield code="r">2017-07-05</subfield>
    <subfield code="t">1</subfield>
    <subfield code="w">2017-07-05</subfield>
    <subfield code="y">LB</subfield>
  </datafield>
  <datafield tag="999" ind1=" " ind2=" ">
    <subfield code="c">102237</subfield>
    <subfield code="d">102237</subfield>
  </datafield>
  <controlfield tag="008">170705b        xxu||||| |||| 00| 0 spa d</controlfield>
  <datafield tag="020" ind1=" " ind2=" ">
    <subfield code="a">9786074686609</subfield>
  </datafield>
  <datafield tag="050" ind1=" " ind2=" ">
    <subfield code="a">KG495</subfield>
    <subfield code="b">B85</subfield>
  </datafield>
  <datafield tag="100" ind1=" " ind2=" ">
    <subfield code="a">Bunge Campos, Luis Mar&#xED;a</subfield>
    <subfield code="e">, autor.</subfield>
  </datafield>
  <datafield tag="245" ind1=" " ind2=" ">
    <subfield code="a">Las cartas de derechos de las v&#xED;ctimas</subfield>
    <subfield code="c"> / Luis Mar&#xED;a Bunge Campos</subfield>
  </datafield>
  <datafield tag="260" ind1=" " ind2=" ">
    <subfield code="a">M&#xE9;xico</subfield>
    <subfield code="b"> : Suprema Corte de Justicia de la Naci&#xF3;n</subfield>
  </datafield>
  <datafield tag="300" ind1=" " ind2=" ">
    <subfield code="a">26 p&#xE1;ginas</subfield>
  </datafield>
  <datafield tag="490" ind1=" " ind2=" ">
    <subfield code="a">&#xC9;tica Judicial Iberoamericana</subfield>
    <subfield code="v">5</subfield>
  </datafield>
  <datafield tag="504" ind1=" " ind2=" ">
    <subfield code="a">Incluye:
Tabla de contenido
Presentaci&#xF3;n</subfield>
  </datafield>
  <datafield tag="505" ind1=" " ind2=" ">
    <subfield code="a">Las cartas de derechos de las v&#xED;ctimas
Cuerpo normativo
Concepto de v&#xED;ctima
Disposiciones relativas a la intervenci&#xF3;n de la v&#xED;ctima en el proceso</subfield>
  </datafield>
  <datafield tag="519" ind1=" " ind2=" ">
    <subfield code="a">Material Complementario / </subfield>
    <subfield code="b">Derecho / </subfield>
    <subfield code="d">(20 003774</subfield>
  </datafield>
  <datafield tag="650" ind1=" " ind2="0">
    <subfield code="a">&#xC9;TICA JUDICIAL</subfield>
    <subfield code="z">IBEROAM&#xC9;RICA</subfield>
  </datafield>
  <datafield tag="650" ind1=" " ind2="0">
    <subfield code="a">DERECHO DE LAS V&#xCD;CTIMAS</subfield>
    <subfield code="x">PROCESO PENAL</subfield>
  </datafield>
  <datafield tag="650" ind1=" " ind2="0">
    <subfield code="a">APLICACI&#xD3;N DE INSTRUMENTOS INTERNACIONALES</subfield>
  </datafield>
  <datafield tag="942" ind1=" " ind2=" ">
    <subfield code="c">LB</subfield>
    <subfield code="2">lcc</subfield>
  </datafield>
</record>
